| 000 | 00979nam a2200253 i 4500 | ||
|---|---|---|---|
| 001 | 30316 | ||
| 003 | ES-MaACL | ||
| 005 | 20230906154156.0 | ||
| 007 | t| | ||
| 008 | 030124s1953 sp ||||1| spa d | ||
| 080 | _a811.124'04 | ||
| 100 | 1 |
_aBastardas, Joan ( _d1919-2009) _9174236 |
|
| 245 | 1 | 0 |
_aParticularidades sintácticas del latín medieval : _b(cartularios españoles de los siglos VIII al XI) / _cJuan Bastardas Parera ; prólogo de Dag Norberg. |
| 260 |
_aBarcelona : _bEscuela de Filología, _c1953 ( _fSelecciones Gráf.) |
||
| 300 |
_aXXXIX, 200 p. ; _c24 cm. |
||
| 490 | 1 |
_aFilología clásica ; _v12 |
|
| 594 | _aPrecede al tít.: Consejo Superior de Investigaciones Científicas. Instituto Antonio de Nebrija. | ||
| 650 | 4 |
_aLengua latina- _xSintaxis. _914306 |
|
| 700 | 1 |
_aNorberg, Dag. _985954 |
|
| 710 | 2 |
_aInstituto Antonio de Nebrija. _94795 |
|
| 830 | 1 |
_aFilología clásica ; _v12 _9229332 |
|
| 852 | 4 |
_aES-MaACL _jC-8102 |
|
| 999 |
_c30316 _d30316 |
||